[Event "DEM U12 2022"]
[Site "Willingen GER"]
[Date "2022.06.05"]
[Round "2"]
[White "Sydykov, Bayastan"]
[Black "Neuhoff, Laertes"]
[Result "1-0"]
[Termination "normal"]
[Board "1"]
[WhiteElo "1477"]
[BlackElo "1990"]
[WhiteClock "01:04:26"]
[BlackClock "00:00:58"]
[PlyCount "129"]
[WhiteFideId "13829610"]
[BlackFideId "16279719"]
[EventCountry "GER"]
[EventRounds "9"]
[EventType "swiss"]
[EventDate "2022.06.04"]

1. e4 {[%clk 01:30:57]} {[%emt 00:00:02]} e5 {[%clk 01:30:51]} {[%emt
00:00:10]} 2. Nf3 {[%clk 01:31:17]} {[%emt 00:00:10]} Nc6 {[%clk 01:31:11]}
{[%emt 00:00:10]} 3. Bb5 {[%clk 01:31:36]} {[%emt 00:00:10]} a6 {[%clk
01:31:24]} {[%emt 00:00:18]} 4. Bxc6 {[%clk 01:31:50]} {[%emt 00:00:16]} dxc6
{[%clk 01:31:40]} {[%emt 00:00:14]} 5. O-O {[%clk 01:32:01]} {[%emt 00:00:18]}
Bg4 {[%clk 01:31:25]} {[%emt 00:00:46]} 6. h3 {[%clk 01:32:14]} {[%emt
00:00:17]} h5 {[%clk 01:30:46]} {[%emt 00:01:09]} 7. d3 {[%clk 01:32:28]}
{[%emt 00:00:15]} Qf6 {[%clk 01:30:10]} {[%emt 00:01:07]} 8. Be3 {[%clk
01:32:42]} {[%emt 00:00:15]} Bxf3 {[%clk 01:29:56]} {[%emt 00:00:45]} 9. Qxf3
{[%clk 01:33:02]} {[%emt 00:00:10]} Qxf3 {[%clk 01:30:05]} {[%emt 00:00:21]}
10. gxf3 {[%clk 01:33:20]} {[%emt 00:00:11]} Bd6 {[%clk 01:22:48]} {[%emt
00:07:47]} 11. Nd2 {[%clk 01:33:25]} {[%emt 00:00:25]} O-O-O {[%clk 01:20:37]}
{[%emt 00:02:41]} 12. Nc4 {[%clk 01:33:41]} {[%emt 00:00:14]} Ne7 {[%clk
01:07:34]} {[%emt 00:13:33]} 13. f4 {[%clk 01:33:19]} {[%emt 00:00:52]} exf4
{[%clk 01:04:44]} {[%emt 00:03:20]} 14. Nxd6+ {[%clk 01:32:50]} {[%emt
00:00:59]} cxd6 {[%clk 01:04:06]} {[%emt 00:01:08]} 15. Bxf4 {[%clk 01:32:55]}
{[%emt 00:00:25]} d5 {[%clk 01:00:48]} {[%emt 00:03:48]} 16. f3 {[%clk
01:30:24]} {[%emt 00:03:01]} Rhe8 {[%clk 00:55:30]} {[%emt 00:05:48]} 17. Rae1
{[%clk 01:19:14]} {[%emt 00:11:40]} a5 {[%clk 00:47:42]} {[%emt 00:08:19]} 18.
Be3 {[%clk 01:09:28]} {[%emt 00:10:15]} Kc7 {[%clk 00:44:59]} {[%emt 00:03:13]}
19. f4 {[%clk 01:04:52]} {[%emt 00:05:06]} dxe4 {[%clk 00:25:27]} {[%emt
00:20:03]} 20. dxe4 {[%clk 01:05:04]} {[%emt 00:00:17]} f5 {[%clk 00:25:43]}
{[%emt 00:00:15]} 21. e5 {[%clk 01:04:16]} {[%emt 00:01:17]} Nd5 {[%clk
00:26:04]} {[%emt 00:00:09]} 22. Bd2 {[%clk 01:03:56]} {[%emt 00:00:50]} Nb4
{[%clk 00:26:00]} {[%emt 00:00:34]} 23. Bxb4 {[%clk 01:03:09]} {[%emt
00:01:17]} axb4 {[%clk 00:26:24]} {[%emt 00:00:05]} 24. Rd1 {[%clk 00:59:26]}
{[%emt 00:04:13]} Rxd1 {[%clk 00:24:41]} {[%emt 00:02:13]} 25. Rxd1 {[%clk
00:59:49]} {[%emt 00:00:06]} g5 {[%clk 00:24:15]} {[%emt 00:00:57]} 26. fxg5
{[%clk 00:51:52]} {[%emt 00:08:27]} Rxe5 {[%clk 00:24:30]} {[%emt 00:00:15]}
27. Rd4 {[%clk 00:52:05]} {[%emt 00:00:16]} f4 {[%clk 00:20:50]} {[%emt
00:04:10]} 28. h4 {[%clk 00:52:22]} {[%emt 00:00:13]} Rf5 {[%clk 00:18:52]}
{[%emt 00:02:29]} 29. Rxb4 {[%clk 00:52:04]} {[%emt 00:00:47]} f3 {[%clk
00:19:05]} {[%emt 00:00:18]} 30. Kf2 {[%clk 00:51:52]} {[%emt 00:00:42]} c5
{[%clk 00:10:32]} {[%emt 00:09:03]} 31. Re4 {[%clk 00:50:39]} {[%emt 00:01:42]}
Kd6 {[%clk 00:05:45]} {[%emt 00:05:18]} 32. c4 {[%clk 00:50:46]} {[%emt
00:00:24]} Kd7 {[%clk 00:04:11]} {[%emt 00:02:04]} 33. b3 {[%clk 00:50:27]}
{[%emt 00:00:48]} b6 {[%clk 00:03:45]} {[%emt 00:00:57]} 34. a4 {[%clk
00:50:15]} {[%emt 00:00:42]} Rf8 {[%clk 00:03:28]} {[%emt 00:00:46]} 35. Re5
{[%clk 00:49:27]} {[%emt 00:01:18]} Kd6 {[%clk 00:02:30]} {[%emt 00:01:29]} 36.
Rd5+ {[%clk 00:49:36]} {[%emt 00:00:21]} Ke6 {[%clk 00:02:32]} {[%emt
00:00:28]} 37. a5 {[%clk 00:49:23]} {[%emt 00:00:43]} Rb8 {[%clk 00:01:47]}
{[%emt 00:01:15]} 38. axb6 {[%clk 00:48:36]} {[%emt 00:01:17]} Rxb6 {[%clk
00:02:13]} {[%emt 00:00:04]} 39. Rxc5 {[%clk 00:48:57]} {[%emt 00:00:09]} Rxb3
{[%clk 00:02:36]} {[%emt 00:00:07]} 40. Rc6+ {[%clk 00:47:38]} {[%emt
00:01:49]} Kf5 {[%clk 00:01:58]} {[%emt 00:01:08]} 41. Rf6+ {[%clk 00:47:22]}
{[%emt 00:00:46]} Kg4 {[%clk 00:14:59]} {[%emt 00:17:30]} 42. g6 {[%clk
01:17:36]} {[%emt 00:00:16]} Rb2+ {[%clk 00:12:04]} {[%emt 00:03:25]} 43. Ke3
{[%clk 01:17:52]} {[%emt 00:00:13]} Re2+ {[%clk 00:10:01]} {[%emt 00:02:34]}
44. Kd3 {[%clk 01:17:39]} {[%emt 00:00:43]} Re8 {[%clk 00:06:47]} {[%emt
00:03:43]} 45. c5 {[%clk 01:15:16]} {[%emt 00:02:54]} Kg3 {[%clk 00:03:50]}
{[%emt 00:03:28]} 46. c6 {[%clk 01:15:08]} {[%emt 00:00:38]} f2 {[%clk
00:03:17]} {[%emt 00:01:02]} 47. c7 {[%clk 01:14:54]} {[%emt 00:00:44]} Kg2
{[%clk 00:01:55]} {[%emt 00:01:52]} 48. Kd4 {[%clk 01:14:25]} {[%emt 00:00:59]}
Rg8 {[%clk 00:00:54]} {[%emt 00:01:32]} 49. Ke5 {[%clk 01:13:01]} {[%emt
00:01:53]} f1=Q {[%emt 00:00:35]} 50. Rxf1 {[%clk 01:13:27]} {[%emt 00:00:03]}
Kxf1 {[%clk 00:01:06]} {[%emt 00:00:14]} 51. g7 {[%clk 01:12:39]} {[%emt
00:01:17]} Kf2 {[%clk 00:00:59]} {[%emt 00:00:38]} 52. Ke6 {[%clk 01:12:42]}
{[%emt 00:00:27]} Rc8 {[%clk 00:00:50]} {[%emt 00:00:39]} 53. Kd7 {[%clk
01:13:06]} {[%emt 00:00:05]} Rg8 {[%clk 00:01:10]} {[%emt 00:00:11]} 54. c8=Q
{[%clk 01:13:27]} {[%emt 00:00:09]} Rxg7+ {[%clk 00:01:33]} {[%emt 00:00:07]}
55. Ke6 {[%clk 01:13:45]} {[%emt 00:00:11]} Rg4 {[%clk 00:01:40]} {[%emt
00:00:23]} 56. Qc5+ {[%clk 01:08:56]} {[%emt 00:05:20]} Kg3 {[%clk 00:01:56]}
{[%emt 00:00:14]} 57. Qe3+ {[%clk 01:06:24]} {[%emt 00:03:02]} Kxh4 {[%clk
00:01:55]} {[%emt 00:00:31]} 58. Kf5 {[%clk 01:05:45]} {[%emt 00:01:07]} Rg3
{[%clk 00:01:27]} {[%emt 00:01:00]} 59. Qe4+ {[%clk 01:04:20]} {[%emt
00:01:55]} Rg4 {[%clk 00:01:30]} {[%emt 00:00:27]} 60. Qh1+ {[%clk 01:04:39]}
{[%emt 00:00:10]} Kg3 {[%clk 00:01:56]} {[%emt 00:00:05]} 61. Qxh5 {[%clk
01:04:21]} {[%emt 00:00:47]} Rg8 {[%clk 00:01:03]} {[%emt 00:01:23]} 62. Ke4
{[%clk 01:04:07]} {[%emt 00:00:43]} Rg4+ {[%clk 00:00:56]} {[%emt 00:00:38]}
63. Ke3 {[%clk 01:04:26]} {[%emt 00:00:10]} Rg8 {[%clk 00:00:46]} {[%emt
00:00:40]} 64. Qf3 {[%clk 01:04:03]} {[%emt 00:00:54]} Kh4 {[%clk 00:00:58]}
{[%emt 00:00:17]} 65. Qh1+ {[%clk 01:04:26]} {[%emt 00:00:08]} 1-0

[Event "DEM U12 2022"]
[Site "Willingen GER"]
[Date "2022.06.05"]
[Round "2"]
[White "Glöckler, Christian"]
[Black "Nönnig, Jakob"]
[Result "1-0"]
[Termination "normal"]
[Board "4"]
[WhiteElo "1847"]
[BlackElo "1556"]
[WhiteClock "00:25:04"]
[BlackClock "00:01:43"]
[PlyCount "91"]
[WhiteFideId "34608966"]
[BlackFideId "16289447"]
[EventCountry "GER"]
[EventRounds "9"]
[EventType "swiss"]
[EventDate "2022.06.04"]

1. e4 {[%clk 01:30:58]} {[%emt 00:00:02]} e5 {[%clk 01:30:55]} {[%emt
00:00:05]} 2. Nf3 {[%clk 01:31:23]} {[%emt 00:00:05]} Nc6 {[%clk 01:31:20]}
{[%emt 00:00:05]} 3. Bb5 {[%clk 01:31:49]} {[%emt 00:00:05]} a6 {[%clk
01:31:43]} {[%emt 00:00:07]} 4. Ba4 {[%clk 01:32:15]} {[%emt 00:00:04]} Nf6
{[%clk 01:31:51]} {[%emt 00:00:21]} 5. O-O {[%clk 01:32:15]} {[%emt 00:00:30]}
d6 {[%clk 01:31:27]} {[%emt 00:00:55]} 6. d4 {[%clk 01:31:44]} {[%emt
00:01:01]} b5 {[%clk 01:28:18]} {[%emt 00:03:39]} 7. Bb3 {[%clk 01:31:39]}
{[%emt 00:00:34]} Bg4 {[%clk 01:22:39]} {[%emt 00:06:09]} 8. c3 {[%clk
01:26:49]} {[%emt 00:05:20]} Bxf3 {[%clk 01:16:51]} {[%emt 00:06:18]} 9. gxf3
{[%clk 01:26:35]} {[%emt 00:00:44]} g5 {[%clk 00:54:59]} {[%emt 00:22:21]} 10.
a4 {[%clk 01:23:06]} {[%emt 00:03:59]} Rg8 {[%clk 00:53:51]} {[%emt 00:01:39]}
11. Kh1 {[%clk 01:21:49]} {[%emt 00:01:47]} Rb8 {[%clk 00:50:24]} {[%emt
00:03:58]} 12. Be3 {[%clk 01:19:36]} {[%emt 00:02:43]} Nh5 {[%clk 00:46:53]}
{[%emt 00:04:01]} 13. axb5 {[%clk 01:17:21]} {[%emt 00:02:45]} axb5 {[%clk
00:47:13]} {[%emt 00:00:10]} 14. Rg1 {[%clk 01:17:39]} {[%emt 00:00:12]} Qf6
{[%clk 00:44:50]} {[%emt 00:02:53]} 15. Rg4 {[%clk 01:10:30]} {[%emt 00:07:39]}
Rg6 {[%clk 00:44:09]} {[%emt 00:01:10]} 16. Ra6 {[%clk 01:09:18]} {[%emt
00:01:42]} Nd8 {[%clk 00:39:52]} {[%emt 00:04:47]} 17. d5 {[%clk 01:07:45]}
{[%emt 00:02:03]} Rb7 {[%clk 00:36:20]} {[%emt 00:04:03]} 18. Na3 {[%clk
01:06:50]} {[%emt 00:01:24]} Be7 {[%clk 00:35:10]} {[%emt 00:01:40]} 19. Nxb5
{[%clk 01:05:51]} {[%emt 00:01:29]} Kf8 {[%clk 00:32:41]} {[%emt 00:03:00]} 20.
Bc4 {[%clk 01:04:27]} {[%emt 00:01:53]} Kg7 {[%clk 00:30:51]} {[%emt 00:02:20]}
21. b4 {[%clk 01:02:22]} {[%emt 00:02:35]} h6 {[%clk 00:27:46]} {[%emt
00:03:35]} 22. Be2 {[%clk 00:59:54]} {[%emt 00:02:57]} Kh7 {[%clk 00:25:11]}
{[%emt 00:03:06]} 23. c4 {[%clk 00:54:24]} {[%emt 00:06:00]} Bf8 {[%clk
00:23:36]} {[%emt 00:02:05]} 24. c5 {[%clk 00:53:34]} {[%emt 00:01:21]} Qe7
{[%clk 00:22:50]} {[%emt 00:01:16]} 25. c6 {[%clk 00:53:27]} {[%emt 00:00:36]}
Rb8 {[%clk 00:23:03]} {[%emt 00:00:16]} 26. Ra7 {[%clk 00:53:23]} {[%emt
00:00:34]} Rc8 {[%clk 00:23:16]} {[%emt 00:00:17]} 27. Qa1 {[%clk 00:52:10]}
{[%emt 00:01:43]} Nf4 {[%clk 00:22:13]} {[%emt 00:01:33]} 28. Qa6 {[%clk
00:48:01]} {[%emt 00:04:39]} h5 {[%clk 00:17:19]} {[%emt 00:05:25]} 29. Bxf4
{[%clk 00:36:51]} {[%emt 00:11:40]} hxg4 {[%clk 00:15:36]} {[%emt 00:02:12]}
30. Qxc8 {[%clk 00:36:42]} {[%emt 00:00:40]} gxf4 {[%clk 00:15:38]} {[%emt
00:00:28]} 31. fxg4 {[%clk 00:34:52]} {[%emt 00:02:20]} Qh4 {[%clk 00:15:36]}
{[%emt 00:00:32]} 32. Kg1 {[%clk 00:34:00]} {[%emt 00:01:21]} Qh3 {[%clk
00:13:46]} {[%emt 00:02:19]} 33. Qf5 {[%clk 00:33:03]} {[%emt 00:01:28]} Be7
{[%clk 00:09:21]} {[%emt 00:04:56]} 34. Rxc7 {[%clk 00:27:11]} {[%emt
00:06:22]} Kg7 {[%clk 00:08:44]} {[%emt 00:01:07]} 35. Rxe7 {[%clk 00:24:31]}
{[%emt 00:03:10]} Rh6 {[%clk 00:09:00]} {[%emt 00:00:14]} 36. Qg5+ {[%clk
00:24:34]} {[%emt 00:00:27]} Kh7 {[%clk 00:09:14]} {[%emt 00:00:15]} 37. Qxh6+
{[%clk 00:23:56]} {[%emt 00:01:07]} Kxh6 {[%clk 00:06:56]} {[%emt 00:02:49]}
38. c7 {[%clk 00:24:14]} {[%emt 00:00:13]} f3 {[%clk 00:04:06]} {[%emt
00:03:21]} 39. Bxf3 {[%clk 00:24:30]} {[%emt 00:00:14]} Qxf3 {[%clk 00:04:27]}
{[%emt 00:00:09]} 40. c8=Q {[%clk 00:24:47]} {[%emt 00:00:14]} Ne6 {[%clk
00:01:59]} {[%emt 00:02:57]} 41. Rxe6+ {[%clk 00:23:39]} {[%emt 00:01:38]} fxe6
{[%clk 00:02:12]} {[%emt 00:00:16]} 42. Qxe6+ {[%clk 00:23:57]} {[%emt
00:00:11]} Kg7 {[%clk 00:02:11]} {[%emt 00:00:32]} 43. Nxd6 {[%clk 00:24:12]}
{[%emt 00:00:15]} Qe2 {[%clk 00:01:36]} {[%emt 00:01:06]} 44. Nf5+ {[%clk
00:24:17]} {[%emt 00:00:25]} Kh7 {[%clk 00:01:24]} {[%emt 00:00:41]} 45. Qf7+
{[%clk 00:24:40]} {[%emt 00:00:08]} Kh8 {[%clk 00:01:43]} {[%emt 00:00:11]} 46.
Qg7# {[%clk 00:25:04]} {[%emt 00:00:06]} 1-0

[Event "DEM U12 2022"]
[Site "Willingen GER"]
[Date "2022.06.05"]
[Round "2"]
[White "Limmer, Marco"]
[Black "Zhuikov, Edgard"]
[Result "1/2-1/2"]
[Termination "normal"]
[Board "5"]
[WhiteElo "1825"]
[BlackElo "1892"]
[WhiteClock "00:13:25"]
[BlackClock "01:02:00"]
[PlyCount "120"]
[WhiteFideId "34603506"]
[BlackFideId "34162941"]
[EventCountry "GER"]
[EventRounds "9"]
[EventType "swiss"]
[EventDate "2022.06.04"]

1. e4 {[%clk 01:30:59]} e5 {[%clk 01:30:57]} {[%emt 00:00:04]} 2. Nf3 {[%clk
01:31:21]} {[%emt 00:00:08]} Nc6 {[%clk 01:31:24]} {[%emt 00:00:03]} 3. Bc4
{[%clk 01:31:44]} {[%emt 00:00:07]} Nf6 {[%clk 01:31:49]} {[%emt 00:00:05]} 4.
d3 {[%clk 01:32:06]} {[%emt 00:00:07]} h6 {[%clk 01:32:13]} {[%emt 00:00:07]}
5. c3 {[%clk 01:31:28]} {[%emt 00:01:08]} d6 {[%clk 01:32:32]} {[%emt
00:00:11]} 6. Nbd2 {[%clk 01:31:17]} {[%emt 00:00:41]} g5 {[%clk 01:32:54]}
{[%emt 00:00:08]} 7. h3 {[%clk 01:30:12]} {[%emt 00:01:34]} Bg7 {[%clk
01:32:53]} {[%emt 00:00:31]} 8. Nf1 {[%clk 01:28:38]} {[%emt 00:02:04]} Be6
{[%clk 01:32:50]} {[%emt 00:00:34]} 9. Bxe6 {[%clk 01:26:29]} {[%emt 00:02:40]}
fxe6 {[%clk 01:32:46]} {[%emt 00:00:33]} 10. Qb3 {[%clk 01:26:07]} {[%emt
00:00:53]} Qc8 {[%clk 01:32:46]} {[%emt 00:00:30]} 11. Ng3 {[%clk 01:25:50]}
{[%emt 00:00:46]} b6 {[%clk 01:30:37]} {[%emt 00:02:39]} 12. d4 {[%clk
01:21:37]} {[%emt 00:04:44]} exd4 {[%clk 01:30:41]} {[%emt 00:00:26]} 13. cxd4
{[%clk 01:18:33]} {[%emt 00:03:34]} Na5 {[%clk 01:31:00]} {[%emt 00:00:10]} 14.
Qd3 {[%clk 01:17:47]} {[%emt 00:01:15]} Qd7 {[%clk 01:29:23]} {[%emt 00:02:09]}
15. e5 {[%clk 01:15:40]} {[%emt 00:02:37]} Nd5 {[%clk 01:29:30]} {[%emt
00:00:23]} 16. Nh5 {[%clk 01:14:07]} {[%emt 00:02:03]} O-O-O {[%clk 01:29:09]}
{[%emt 00:00:52]} 17. Bd2 {[%clk 01:11:58]} {[%emt 00:02:38]} Nc6 {[%emt
00:01:40]} 18. Rc1 {[%clk 01:09:08]} {[%emt 00:02:53]} Kb7 {[%clk 01:26:33]}
{[%emt 00:02:23]} 19. exd6 {[%emt 00:02:26]} cxd6 {[%clk 01:26:48]} {[%emt
00:00:14]} 20. O-O {[%clk 01:05:31]} {[%emt 00:02:12]} Rhg8 {[%clk 01:25:21]}
{[%emt 00:01:56]} 21. Rfe1 {[%clk 01:03:39]} {[%emt 00:02:23]} Qf7 {[%clk
01:25:04]} {[%emt 00:00:48]} 22. Ng3 {[%clk 01:00:43]} {[%emt 00:03:25]} Rc8
{[%clk 01:22:48]} {[%emt 00:02:47]} 23. Ne4 {[%clk 00:57:51]} {[%emt 00:03:22]}
Rgd8 {[%clk 01:22:56]} {[%emt 00:00:21]} 24. a4 {[%clk 00:55:00]} {[%emt
00:03:21]} e5 {[%clk 01:22:09]} {[%emt 00:01:17]} 25. Qa3 {[%clk 00:53:21]}
{[%emt 00:02:09]} Bf8 {[%clk 01:20:29]} {[%emt 00:02:10]} 26. Qd3 {[%clk
00:50:00]} {[%emt 00:03:51]} Nf4 {[%clk 01:20:05]} {[%emt 00:00:54]} 27. Bxf4
{[%clk 00:46:45]} {[%emt 00:03:45]} exf4 {[%clk 01:19:45]} {[%emt 00:00:50]}
28. Nc3 {[%clk 00:40:05]} {[%emt 00:07:11]} Bg7 {[%clk 01:18:27]} {[%emt
00:01:48]} 29. Re2 {[%clk 00:37:39]} {[%emt 00:02:56]} a6 {[%clk 01:17:14]}
{[%emt 00:01:43]} 30. Rce1 {[%clk 00:35:36]} {[%emt 00:02:32]} Re8 {[%clk
01:16:56]} {[%emt 00:00:48]} 31. Ne4 {[%clk 00:34:23]} {[%emt 00:01:43]} Bf8
{[%clk 01:15:22]} {[%emt 00:02:05]} 32. Nc3 {[%clk 00:30:30]} {[%emt 00:04:22]}
Rxe2 {[%clk 01:14:17]} {[%emt 00:01:35]} 33. Qxe2 {[%clk 00:28:46]} {[%emt
00:02:14]} Bg7 {[%clk 01:12:40]} {[%emt 00:02:07]} 34. d5 {[%clk 00:26:49]}
{[%emt 00:02:27]} Ne5 {[%clk 01:12:26]} {[%emt 00:00:45]} 35. Ne4 {[%clk
00:22:52]} {[%emt 00:04:26]} Nxf3+ {[%clk 01:09:18]} {[%emt 00:03:38]} 36. Qxf3
{[%emt 00:00:19]} Be5 {[%emt 00:01:22]} 37. Nc3 {[%clk 00:22:30]} Qg7 {[%clk
01:07:07]} {[%emt 00:02:52]} 38. Rc1 {[%clk 00:20:20]} {[%emt 00:02:40]} a5
{[%clk 01:05:28]} {[%emt 00:02:09]} 39. Qd3 {[%clk 00:19:58]} {[%emt 00:00:52]}
Bxc3 {[%clk 01:05:17]} {[%emt 00:00:41]} 40. Rxc3 {[%clk 00:20:12]} {[%emt
00:00:15]} Rxc3 {[%clk 01:05:35]} {[%emt 00:00:12]} 41. bxc3 {[%clk 00:20:36]}
{[%emt 00:00:06]} Qd7 {[%clk 01:05:38]} {[%emt 00:00:26]} 42. Qc4 {[%clk
00:18:32]} {[%emt 00:02:35]} Qc8 {[%clk 01:04:33]} {[%emt 00:01:35]} 43. Qd3
{[%clk 00:17:44]} {[%emt 00:01:19]} Qd7 {[%clk 01:03:50]} {[%emt 00:01:12]} 44.
Qc4 {[%clk 00:17:43]} {[%emt 00:00:32]} Qc7 {[%clk 01:02:31]} {[%emt 00:01:49]}
45. Qd3 {[%clk 00:16:57]} {[%emt 00:01:15]} Qe7 {[%clk 01:02:40]} {[%emt
00:00:21]} 46. Qg6 {[%clk 00:15:36]} {[%emt 00:01:52]} Qe1+ {[%clk 01:01:11]}
{[%emt 00:01:59]} 47. Kh2 {[%clk 00:16:00]} {[%emt 00:00:06]} Qxf2 {[%clk
01:01:10]} {[%emt 00:00:29]} 48. Qxd6 {[%clk 00:15:59]} {[%emt 00:00:32]} Qg3+
{[%clk 01:01:16]} {[%emt 00:00:24]} 49. Kh1 {[%clk 00:16:11]} {[%emt 00:00:17]}
Qxc3 {[%clk 01:01:36]} {[%emt 00:00:12]} 50. Qxh6 {[%clk 00:15:43]} {[%emt
00:00:58]} Qa1+ {[%clk 01:01:43]} {[%emt 00:00:22]} 51. Kh2 {[%clk 00:16:07]}
{[%emt 00:00:07]} Qxa4 {[%clk 01:02:09]} {[%emt 00:00:04]} 52. Qxg5 {[%clk
00:15:16]} {[%emt 00:01:20]} Qd7 {[%clk 01:01:35]} {[%emt 00:01:04]} 53. Qe5
{[%clk 00:14:41]} {[%emt 00:01:05]} Qf7 {[%clk 01:01:30]} {[%emt 00:00:35]} 54.
h4 {[%clk 00:12:22]} {[%emt 00:02:49]} f3 {[%clk 01:01:39]} {[%emt 00:00:21]}
55. gxf3 {[%clk 00:12:06]} {[%emt 00:00:46]} Qxf3 {[%clk 01:02:01]} {[%emt
00:00:07]} 56. Qe7+ {[%clk 00:12:25]} {[%emt 00:00:12]} Ka6 {[%clk 01:02:17]}
{[%emt 00:00:14]} 57. d6 {[%clk 00:12:38]} {[%emt 00:00:17]} Qf2+ {[%clk
01:02:05]} {[%emt 00:00:42]} 58. Kh3 {[%clk 00:13:02]} {[%emt 00:00:07]} Qf3+
{[%clk 01:01:59]} {[%emt 00:00:36]} 59. Kh2 {[%clk 00:13:25]} {[%emt 00:00:06]}
Kb5 {[%clk 01:01:59]} {[%emt 00:00:30]} 60. d7 {[%clk 00:13:25]} {[%emt
00:00:31]} Qf2+ {[%clk 01:02:00]} {[%emt 00:00:27]} 1/2-1/2